| 000 | 00594nam a2200169 a 4500 | ||
|---|---|---|---|
| 008 | 120416s1985 ||||||||||||||||| || u | ||
| 020 | _a0205085547 | ||
| 050 | _aHD 31 Man | ||
| 100 | _aStarke, Federick A. [and others] | ||
| 245 | 1 | 0 | _aManagement concepts and Canadian practice |
| 260 |
_aToronto _bAllyn & Bacon _c1985 |
||
| 300 | _axx, 699p. : ill. | ||
| 350 | _a0.00 | ||
| 650 | 0 | _aMANAGEMENT | |
| 650 | _aMANAGEMENT CONCEPTS--CANADA | ||
| 995 |
_D0.00 _FCBU-MAIN LIBRARY (Kitwe) _H1 _I32.60 _M1 _ULOST _ZMain Library Open Access Collection |
||
| 999 |
_c49892 _d49892 |
||